[Event "Polanica Zdroj"]
[Site "?"]
[Date "1987.??.??"]
[Round "?"]
[White "Dolmatov, S."]
[Black "Garcia Gonzales, G."]
[Result "1/2-1/2"]
[WhiteElo "2540"]
[BlackElo "2510"]
[PlyCount "49"]
[EventDate "1987.??.??"]
[Source "ChessBase"]
[SourceDate "1987.07.01"]

1. d4 Nf6 2. c4 e6 3. Nc3 Bb4 4. e3 c5 5. Bd3 Nc6 6. Nge2 cxd4 7. exd4 d5 8. cxd5 exd5 9. O-O O-O 10. a3 Be7 11. f3 Re8 12. Kh1 g6 13. b4 Nh5 14. Qb3 Bf6 15. g4 Ng7 16. Nxd5 Bxd4 17. Nxd4 Nxd4 18. Qc4 Nge6 19. Bb2 b5 20. Qa2 Bb7 21. Be4 Rc8 22. Rad1 Rc4 23. Bxd4 Nxd4 24. Ne3 Rc7 25. Nd5 1/2-1/2

[Event "Capablanca mem-A"]
[Site "Cienfuegos"]
[Date "1983.??.??"]
[Round "?"]
[White "Psakhis, Lev"]
[Black "Rivas Pastor, Manuel"]
[Result "1-0"]
[WhiteElo "2580"]
[BlackElo "2465"]
[PlyCount "81"]
[EventDate "1983.05.??"]
[Source "ChessBase"]

1. d4 Nf6 2. c4 e6 3. Nc3 Bb4 4. e3 c5 5. Bd3 Nc6 6. Nge2 d6 7. O-O O-O 8. a3 Bxc3 9. Nxc3 e5 10. d5 Ne7 11. Qc2 g6 12. e4 Nh5 13. Bh6 Re8 14. b4 b6 15. Qd2 f6 16. Be2 Kh8 17. Bxh5 gxh5 18. f4 exf4 19. Bxf4 a6 20. Bg3 Ng8 21. bxc5 bxc5 22. Qf4 Re5 23. Bh4 Bg4 24. h3 Bd7 25. Rab1 Qe7 26. Bxf6+ Nxf6 27. Qxf6+ Qxf6 28. Rxf6 Rg8 29. Kh2 Reg5 30. Rb2 Rg3 31. Rxd6 Bxh3 32. Rb8 Rxc3 33. Rxg8+ Kxg8 34. gxh3 Rxc4 35. e5 Rd4 36. Rd7 Kf8 37. d6 Ke8 38. Re7+ Kd8 39. Kg3 c4 40. Kf3 c3 41. Rc7 1-0

[Event "Ch (Men) Minsk BLR"]
[Site "?"]
[Date "2006.03.13"]
[Round "10"]
[White "Dydyshko Viacheslav"]
[Black "Zhigalko Sergei"]
[Result "1/2-1/2"]
[WhiteElo "2547"]
[BlackElo "2496"]
[PlyCount "27"]
[EventDate "2006.??.??"]
[Source "www.chesslib.no"]
[SourceDate "2004.05.04"]

1. d4 Nf6 2. c4 e6 3. Nc3 Bb4 4. e3 O-O 5. Bd3 c5 6. Nf3 Nc6 7. O-O Bxc3 8. bxc3 d6 9. e4 e5 10. d5 Ne7 11. Nd2 h6 12. Re1 Nh7 13. Rb1 Rb8 14. Qa4 1/2-1/2

[Event "World Open"]
[Site "Philadelphia USA"]
[Date "2008.07.02"]
[Round "1"]
[White "Milov, V."]
[Black "Arnold, M."]
[Result "0-1"]
[WhiteElo "2705"]
[BlackElo "2336"]
[PlyCount "82"]
[EventDate "2008.07.02"]
[Source "www.chesslib.no"]
[SourceDate "2004.05.04"]

1. d4 Nf6 2. c4 e6 3. Nc3 Bb4 4. e3 c5 5. Bd3 Nc6 6. Nge2 cxd4 7. exd4 d5 8. cxd5 Nxd5 9. a3 Bd6 10. Bc2 O-O 11. Qd3 g6 12. Ne4 Be7 13. Bh6 Re8 14. O-O b6 15. Rad1 Bb7 16. Bb3 a6 17. Rfe1 Rc8 18. Ba2 Ncb4 19. axb4 Nxb4 20. Qg3 Bxe4 21. Bxe6 Bd6 22. Nf4 Rxe6 23. Nxe6 fxe6 24. Qe3 Bd5 25. Bg5 Qf8 26. Re2 b5 27. Rc1 Rxc1+ 28. Qxc1 Nd3 29. Qc3 Nf4 30. Bxf4 Qxf4 31. g3 Qf5 32. f3 Qf8 33. Re3 b4 34. Qc2 Qe8 35. Kf2 a5 36. b3 Kf7 37. Qd2 a4 38. Re1 Bxb3 39. Rc1 Bd5 40. h4 b3 41. h5 Kg7 0-1

[Event "URS-FL"]
[Site "Kharkov"]
[Date "1985.??.??"]
[Round "?"]
[White "Lerner, Konstantin Z"]
[Black "Eingorn, Vereslav S"]
[Result "1/2-1/2"]
[WhiteElo "2510"]
[BlackElo "2530"]
[PlyCount "69"]
[EventDate "1985.10.??"]
[Source "ChessBase"]

1. d4 e6 2. c4 Nf6 3. Nc3 Bb4 4. e3 c5 5. Bd3 Nc6 6. Nge2 cxd4 7. exd4 d5 8. cxd5 Nxd5 9. O-O Nf6 10. Bc2 h6 11. Qd3 Bd6 12. Ne4 Nb4 13. Ba4+ Kf8 14. Qf3 Nxe4 15. Qxe4 Bd7 16. Bxd7 Qxd7 17. Bf4 Nd5 18. Bxd6+ Qxd6 19. Nc3 Rd8 20. Rac1 g6 21. Nxd5 Qxd5 22. Qxd5 Rxd5 23. Rc7 Rb5 24. b3 Kg7 25. Rd1 Rd8 26. Rd3 a5 27. Kf1 a4 28. Ke2 axb3 29. axb3 Rb4 30. Rf3 Rf8 31. Rd7 g5 32. Kd2 Kg6 33. Kc3 Rb6 34. Rc7 f6 35. Kc4 1/2-1/2

[Event "URS-FL"]
[Site "Irkutsk"]
[Date "1986.??.??"]
[Round "?"]
[White "Timoscenko, Genadij A"]
[Black "Romanishin, Oleg M"]
[Result "1/2-1/2"]
[WhiteElo "2475"]
[BlackElo "2560"]
[PlyCount "40"]
[EventDate "1986.10.??"]
[Source "www.chesslib.no"]
[SourceDate "2004.05.04"]

1. d4 Nf6 2. c4 e6 3. Nc3 Bb4 4. e3 c5 5. Bd3 d5 6. cxd5 Nxd5 7. Nge2 cxd4 8. exd4 Bd7 9. a3 Bxc3+ 10. bxc3 Bc6 11. O-O O-O 12. c4 Nf6 13. Ng3 Nbd7 14. Bb2 Qa5 15. a4 Rfe8 16. Qc1 Rac8 17. Bc3 Qc7 18. Bb2 Qa5 19. Bc3 Qc7 20. Bb2 Qa5 1/2-1/2

[Event "Baku"]
[Site "?"]
[Date "1986.??.??"]
[Round "?"]
[White "Bagirov, V."]
[Black "Gurevich, M."]
[Result "0-1"]
[WhiteElo "2495"]
[BlackElo "2540"]
[PlyCount "121"]
[EventDate "1986.??.??"]
[Source "ChessBase"]
[SourceDate "1986.07.01"]

1. d4 Nf6 2. c4 e6 3. Nc3 Bb4 4. e3 c5 5. Bd3 Nc6 6. Nge2 cxd4 7. exd4 d5 8. cxd5 Qxd5 9. O-O Qh5 10. Bf4 O-O 11. Qb3 Be7 12. Rad1 b6 13. Bg3 Bb7 14. a3 Rfd8 15. Bb1 Bd6 16. Qc2 Bxg3 17. Nxg3 Qh4 18. d5 exd5 19. Rfe1 g6 20. Ba2 d4 21. Nce4 Rac8 22. Qe2 Nd5 23. Qb5 a6 24. Qb3 Rc7 25. Nf1 Kg7 26. Nfd2 Ne5 27. Nf3 Nxf3+ 28. Qxf3 Ne3 29. fxe3 Bxe4 30. Qf4 Qxf4 31. exf4 Bf5 32. Bb3 a5 33. Rd2 b5 34. h3 h5 35. Kf2 h4 36. Red1 d3 37. Ba2 Rcd7 38. Bb1 Rd4 39. Kf3 b4 40. axb4 Rxb4 41. Bxd3 Rb3 42. Ke2 Re8+ 43. Kf1 Bxd3+ 44. Rxd3 Rxb2 45. Ra1 Ree2 46. g4 hxg3 47. Rxg3 Rec2 48. Kg1 Kf6 49. Rg5 a4 50. Ra5 Rg2+ 51. Kh1 Rh2+ 52. Kg1 Rbg2+ 53. Kf1 Rd2 54. Kg1 Rxh3 55. R1xa4 Rg3+ 56. Kf1 Rf3+ 57. Ke1 Rdf2 58. Ra6+ Kg7 59. Ra7 Rxf4 60. R4a5 Rb2 61. Re5 0-1

[Event "IBM"]
[Site "Amsterdam"]
[Date "1975.??.??"]
[Round "10"]
[White "Hamann, Svend"]
[Black "Szabo, Laszlo"]
[Result "0-1"]
[WhiteElo "2485"]
[BlackElo "2545"]
[PlyCount "90"]
[EventDate "1975.??.??"]
[Source "ChessBase"]

1. d4 Nf6 2. c4 e6 3. Nc3 Bb4 4. e3 O-O 5. Bd3 c5 6. Nf3 Nc6 7. O-O Bxc3 8. bxc3 d6 9. e4 e5 10. d5 Ne7 11. Nh4 h6 12. f4 Ng6 13. Nxg6 fxg6 14. f5 Bd7 15. g4 g5 16. h4 Nh7 17. hxg5 Nxg5 18. Kg2 Rb8 19. a4 b6 20. Rh1 Be8 21. Qe2 a6 22. Bd2 Qf6 23. Rhb1 Rf7 24. Be3 Rfb7 25. Qd2 Bd7 26. Rh1 Be8 27. Kg3 Bf7 28. Rh2 Be8 29. Rah1 Kf8 30. Rh5 Bxh5 31. Rxh5 Nf7 32. Kg2 g5 33. fxg6 Qxg6 34. Kg3 Ke7 35. Qf2 Rg8 36. Qf5 Rbb8 37. Be2 Rbf8 38. Qxg6 Rxg6 39. Rf5 Ng5 40. Bd3 Rfg8 41. Rf1 Nh7 42. Rb1 Rxg4+ 43. Kf3 Rg2 44. Bf2 Rh2 45. Ke3 Nf6 0-1

[Event "Rostov Open"]
[Site "Rostov RUS"]
[Date "1993.??.??"]
[Round "?"]
[White "Sherbakov, Ruslan"]
[Black "Panchenko, Alexander N"]
[Result "1/2-1/2"]
[WhiteElo "2570"]
[BlackElo "2460"]
[PlyCount "84"]
[EventDate "1993.05.??"]
[Source "www.chesslib.no"]
[SourceDate "2004.05.04"]

1. d4 Nf6 2. c4 e6 3. Nc3 Bb4 4. e3 c5 5. Bd3 Bxc3+ 6. bxc3 d6 7. Ne2 e5 8. Ng3 O-O 9. O-O Nc6 10. h3 Re8 11. d5 Ne7 12. f4 exf4 13. exf4 b5 14. cxb5 Nexd5 15. c4 Ne3 16. Bxe3 Rxe3 17. Rf3 Re8 18. Be2 Bb7 19. Rd3 Qe7 20. Bf3 Bxf3 21. Qxf3 Qe6 22. Rc1 Rad8 23. a4 g6 24. Qf2 h5 25. f5 Qe5 26. fxg6 fxg6 27. Rf1 Rf8 28. Rf3 Nd7 29. Qc2 Kg7 30. Qc3 Rxf3 31. Rxf3 Nf6 32. a5 Qxc3 33. Rxc3 d5 34. cxd5 Rxd5 35. Rc1 Kf7 36. Ne2 Ne4 37. Nc3 Nxc3 38. Rxc3 Ke6 39. b6 axb6 40. axb6 Rd1+ 41. Kf2 Rb1 42. Rxc5 Rxb6 1/2-1/2

[Event "Moscow-A"]
[Site "Moscow RUS"]
[Date "1987.??.??"]
[Round "?"]
[White "Dolmatov, Sergey V"]
[Black "Razuvaev, Yuri S"]
[Result "1/2-1/2"]
[WhiteElo "2515"]
[BlackElo "2510"]
[PlyCount "33"]
[EventDate "1987.06.??"]
[Source "www.chesslib.no"]
[SourceDate "2004.05.04"]

1. d4 Nf6 2. c4 e6 3. Nc3 Bb4 4. e3 c5 5. Bd3 Nc6 6. Nge2 cxd4 7. exd4 d5 8. cxd5 Nxd5 9. O-O Nf6 10. Bg5 Be7 11. Rc1 O-O 12. Bb1 b6 13. Bxf6 Bxf6 14. Be4 Bb7 15. Qa4 Qe8 16. Rfe1 Bg5 17. Rcd1 1/2-1/2

[Event "Moscow-A"]
[Site "Moscow"]
[Date "1988.??.??"]
[Round "?"]
[White "Conquest, Stuart"]
[Black "Razuvaev, Yuri S"]
[Result "0-1"]
[WhiteElo "2490"]
[BlackElo "2535"]
[PlyCount "64"]
[EventDate "1988.??.??"]
[Source "ChessBase"]

1. d4 Nf6 2. c4 e6 3. Nc3 Bb4 4. e3 c5 5. Bd3 Nc6 6. Nge2 cxd4 7. exd4 d5 8. cxd5 Nxd5 9. O-O Nf6 10. Bg5 Be7 11. a3 O-O 12. Bc2 Bd7 13. Qd3 g6 14. Qf3 Rc8 15. Rad1 Na5 16. Bh6 Re8 17. Nf4 Nc4 18. d5 e5 19. Ne6 Qb6 20. Ne4 Nxe4 21. Bxe4 fxe6 22. Qg3 exd5 23. Rxd5 Red8 24. h4 Qe6 25. Rfd1 Bc6 26. h5 Rxd5 27. Rxd5 g5 28. Bxg5 Kh8 29. h6 Rg8 30. Bxe7 Rxg3 31. Rd8+ Rg8 32. Bf8 Qxh6 0-1

[Event "Valle d'Aosta op 10th"]
[Site "Valle d'Aosta"]
[Date "2002.02.16"]
[Round "8"]
[White "Georgiev, Vladimir"]
[Black "Lazarev, Vladimir"]
[Result "1-0"]
[WhiteElo "2560"]
[BlackElo "2461"]
[PlyCount "83"]
[EventDate "2002.02.09"]
[Source "ChessBase"]
[SourceDate "2002.03.14"]

1. d4 Nf6 2. c4 e6 3. Nc3 Bb4 4. e3 c5 5. Bd3 d5 6. cxd5 Nxd5 7. Bd2 cxd4 8. exd4 O-O 9. Nf3 Nf6 10. Bg5 Nc6 11. Bc2 h6 12. h4 Re8 13. Bxf6 Qxf6 14. O-O Rd8 15. Qd3 g6 16. Rad1 Bxc3 17. bxc3 b6 18. h5 gxh5 19. Ne5 Bb7 20. Qh7+ Kf8 21. Be4 Rac8 22. Ng6+ Ke8 23. d5 exd5 24. Bxd5 Qxg6 25. Qh8+ Kd7 26. Bxf7+ Kc7 27. Qxd8+ Rxd8 28. Bxg6 Rg8 29. Be4 h4 30. Kh2 Bc8 31. Bxc6 Kxc6 32. Rd4 Rg6 33. Rxh4 Be6 34. a3 Kc5 35. f4 Bd5 36. Rf2 Rf6 37. f5 Bc6 38. Rd4 Bd5 39. g4 Bc6 40. Re2 b5 41. Re5+ Kb6 42. Re6 1-0

[Event "Biel"]
[Site "Biel"]
[Date "1986.??.??"]
[Round "?"]
[White "Hort, Vlastimil"]
[Black "Cebalo, Miso"]
[Result "1/2-1/2"]
[WhiteElo "2545"]
[BlackElo "2475"]
[PlyCount "144"]
[EventDate "1986.07.??"]
[Source "ChessBase"]

1. d4 Nf6 2. c4 e6 3. Nc3 Bb4 4. e3 c5 5. Bd3 Nc6 6. Nge2 cxd4 7. exd4 d5 8. Bg5 dxc4 9. Bxc4 O-O 10. O-O Be7 11. a3 a6 12. Bd3 g6 13. Qa4 Rb8 14. Rfd1 b5 15. Qc2 Bb7 16. h3 Rc8 17. Qb1 Rc7 18. Be3 Rd7 19. a4 b4 20. Ne4 Qa8 21. f3 Rfd8 22. Qc2 Nxe4 23. Bxe4 Bf6 24. Qc5 Ne7 25. Qc2 Bd5 26. Rac1 Qb7 27. b3 Qb6 28. Qd3 Qb7 29. Qc2 Kg7 30. Kh1 Nf5 31. Bxf5 exf5 32. Ng1 Qb6 33. Qd3 Qe6 34. Rb1 Rc8 35. Bd2 Qb6 36. Ne2 Bb7 37. Rbc1 a5 38. Rxc8 Bxc8 39. Re1 Ba6 40. Qe3 Re7 41. Qf2 Qd6 42. Be3 Qd5 43. Nf4 Qd6 44. Rc1 h6 45. Rc5 Rxe3 46. Qxe3 Bxd4 47. Rc6 Qxc6 48. Qxd4+ Qf6 49. Qd5 Qc3 50. Qd6 Bc8 51. Kh2 Qe3 52. Qc7 Be6 53. Nxe6+ Qxe6 54. Qxa5 Qxb3 55. Qe5+ Kh7 56. a5 Qc4 57. Qb8 b3 58. Qb7 Kg7 59. a6 Qf4+ 60. Kh1 Qc1+ 61. Kh2 b2 62. a7 b1=Q 63. Qxb1 Qxb1 64. a8=Q f4 65. Qa4 Qf5 66. Qd4+ Qf6 67. Qd5 g5 68. Qc5 Kg6 69. Qc8 Qe6 70. Qg8+ Kh5 71. Kh1 Qg6 72. Qe8 Qe6 1/2-1/2

[Event "URS-ch53"]
[Site "Kiev"]
[Date "1986.??.??"]
[Round "?"]
[White "Lerner, Konstantin Z"]
[Black "Yudasin, Leonid"]
[Result "1-0"]
[WhiteElo "2530"]
[BlackElo "2485"]
[PlyCount "53"]
[EventDate "1986.04.??"]
[Source "ChessBase"]

1. d4 Nf6 2. c4 e6 3. Nc3 Bb4 4. e3 c5 5. Bd3 Nc6 6. Nge2 cxd4 7. exd4 d5 8. cxd5 Nxd5 9. O-O Nf6 10. Bc2 h6 11. Qd3 Bd6 12. a3 Ne7 13. Bf4 Bxf4 14. Nxf4 Qd6 15. Qg3 Qxd4 16. Rad1 Qe5 17. Nxe6 Qxe6 18. Rfe1 O-O 19. Rxe6 Bxe6 20. Ne4 Nxe4 21. Bxe4 Rad8 22. Rxd8 Rxd8 23. h3 Nd5 24. Qe5 b5 25. Qd4 a6 26. Qa7 Nf6 27. Bf3 1-0

[Event "URS-ch51"]
[Site "Lvov"]
[Date "1984.??.??"]
[Round "?"]
[White "Chekhov, Valery A"]
[Black "Eingorn, Vereslav S"]
[Result "0-1"]
[WhiteElo "2535"]
[BlackElo "2475"]
[PlyCount "118"]
[EventDate "1984.04.??"]
[Source "ChessBase"]

1. d4 e6 2. c4 Nf6 3. Nc3 Bb4 4. e3 c5 5. Bd3 Nc6 6. Nge2 d5 7. O-O cxd4 8. exd4 O-O 9. a3 dxc4 10. Bxc4 Bxc3 11. bxc3 e5 12. Bg5 Qd6 13. d5 Na5 14. Ba2 h6 15. Bh4 b6 16. Re1 Bf5 17. Bg3 Ne4 18. Bxe5 Qxe5 19. Ng3 Rae8 20. Nxe4 Bxe4 21. f3 Bxf3 22. Rxe5 Bxd1 23. Rxe8 Rxe8 24. Rxd1 Re2 25. Bb1 Nb7 26. Bd3 Rb2 27. d6 Nxd6 28. Bf1 Ne4 29. Rd8+ Kh7 30. Bd3 f5 31. Rd5 Nc5 32. Bxf5+ g6 33. Bd3 Rb3 34. Rd6 Nxd3 35. Rxd3 Rxa3 36. Rd7+ Kg8 37. c4 Ra5 38. h4 Kf8 39. Kh2 Rc5 40. Rxa7 Rxc4 41. Kh3 Ke8 42. Rb7 Rc6 43. Rh7 Rc3+ 44. Kh2 h5 45. g4 Rc4 46. gxh5 Rxh4+ 47. Kg3 Rxh5 48. Rg7 Rg5+ 49. Kh4 Kf8 50. Rb7 Rb5 51. Kg4 g5 52. Kf3 Rb4 53. Rh7 g4+ 54. Kg3 Ke8 55. Rg7 b5 56. Rg5 Kd7 57. Kf2 Kc6 58. Rg6+ Kc5 59. Rg5+ Kb6 0-1

[Event "Reykjavik"]
[Site "Reykjavik"]
[Date "1989.??.??"]
[Round "?"]
[White "Stefansson, Hannes"]
[Black "Petursson, Margeir"]
[Result "1/2-1/2"]
[WhiteElo "2480"]
[BlackElo "2530"]
[PlyCount "25"]
[EventDate "1989.02.??"]
[Source "ChessBase"]

1. d4 Nf6 2. c4 e6 3. Nc3 Bb4 4. e3 c5 5. Bd3 Nc6 6. Nge2 d5 7. cxd5 Nxd5 8. a3 cxd4 9. exd4 Bd6 10. Ne4 Be7 11. Bc2 O-O 12. Qd3 e5 13. dxe5 1/2-1/2

[Event "RUS-Cup01 Chigorin mem"]
[Site "St Petersburg"]
[Date "1997.11.05"]
[Round "5"]
[White "Shariyazdanov, Andrey"]
[Black "Brodsky, Michail"]
[Result "1/2-1/2"]
[WhiteElo "2465"]
[BlackElo "2545"]
[PlyCount "23"]
[EventDate "1997.11.01"]
[Source "www.chesslib.no"]
[SourceDate "2004.05.04"]

1. d4 Nf6 2. c4 e6 3. Nc3 Bb4 4. e3 c5 5. Bd3 Nc6 6. Nge2 cxd4 7. exd4 d5 8. cxd5 Nxd5 9. O-O Bd6 10. Nxd5 exd5 11. Bf4 O-O 12. Bxd6 1/2-1/2